00626 2200229 4500001002100000005001500021035002000036245009500056100001600151250000600167300003500173700001700208260004400225082000800269084001400277020002200291650001500313990001700328990001700345990001700362990001700379INLIS00000000000011020180828111836 a0010-08180000741 aSeri Matematika Untuk Anak-Anak 2 :bMengenal Pecahan /cIman Rajasa; Editor, Dewi Gayatri0 aIman Rajasa a- aiv, 60 hlm. :bilus. ;c25 cm.0 aDewi Gayatri aBandung :bGraha Bandung Kencana,c2009 a510 a510 IMA s a978-602-8363-01-3 aMatematika a00466/H/2018 a00467/H/2018 a00468/H/2018 a00469/H/2018